Ostwestfalen A-Z - Statistiken

Allgemein
  • Dieses Quiz wurde 191 mal gespielt
  • Das Durchschnittsergebnis liegt bei 15 aus 26
Antwortstatistiken
Antwort % Korrekt
B Angeblich die größte Stadt in Ostwestfalen Bielefeld
99%
P Zweitgrößte Stadt Ostwestfalens mit Universität und Dom Paderborn
91%
G Großstadt und Sitz der Bertelsmann AG Gütersloh
90%
D Nahrungsmittelunternehmen aus #B (Tiefkühlpizzen, Backpulver, Puddingpulver etc.) Dr Oetker
89%
A Nach einem Sieger der Varusschlacht benannter Fußballverein Arminia
87%
E Fluss, der in Holte-Stukenbrock quellt und bei Emden in die Nordsee mündet Ems
83%
M Kreisstadt, in der sich der Mittellandkanal und die #W kreuzen Minden
79%
W Fluss durch Porta Westfalica und Petershagen, quasi Grenze zwischen Westfalen und Niedersachsen Weser
77%
T Gebirgszug in Ostwestfalen, in der angeblich die Varusschlacht stattfand Teutoburger Wald
73%
L Name eines bei #P quellenden Flusses und des 'L's von OWL Lippe
72%
V Stadt im Kreis #G mit Drittliga-Fußballverein und Sitz der Firma Beckhoff Verl
68%
H Kreisstadt, in der sich das MARTA-Museum für moderne Kunst befindet Herford
67%
C Großer Landmaschinenhersteller aus Harsewinkel Claas
65%
X Kreisstadt im Südosten Ostwestfalens (Enthält ein X) Höxter
63%
F Reich, welches Ende des achten Jahrhunderts Ostwestfalen erobert und christianisiert Franken
60%
K Fußballgott, welcher als Stürmer für die #A spielt Fabian Klos
57%
N Computerpionier aus #P, nach ihm ist das #N-Computerforum, das größte Computermuseum der Welt benannt Heinz Nixdorf
44%
O Kurort im Kreis #M-Lübbecke, in dem die Werre in die #W mündet Bad Oeynhausen
42%
J Nördlichster Stadtbezirk von #B Jöllenbeck
38%
S Burg und Grafensitz von #R in #B Sparrenburg
34%
Q Stadtteil von #B in der sich die Hüneburg befindet Quelle
31%
U Fußballtorhüter und Nationalspieler, welcher zwischen 1976 und 2004 mehrfach in #B spielte (Vorname) Uli Stein
30%
Y Kloster und Unesco-Weltkulturerbe aus dem 9. Jahrhundert in #X (Enthält ein Y) Corvey
26%
Z Kurort im Kreis Detmold an der Grenze zu Ostwestfalen bei #H (Enthält ein Z) Bad Salzuflen
25%
R Ehemalige Grafschaft, deren Hauptstadt #B war Ravensberg
22%
I Wichtiges Sächsisches Heiligtum, welches sich wahrscheinlich an der Grenze zwischen Ostwestfalen und dem Sauerland befand Irminsul
8%
Keine übereinstimmenden Quizze gefunden
Verteilung der Resultate
Anzahl Personen mit jedem Resultat
Perzentil nach korrekt beantworteten Fragen
Ihre Resultats-Entwicklung
Sie haben dieses Quiz noch nicht gespielt